Оформление курсовых и дипломных работ: методические рекомендации

Bibliographische Detailangaben
Körperschaft: Томский государственный университет (ТГУ) Научная библиотека
Weitere Verfasser: Григорьевская С. М. (составитель), Кичигина Е. Ю., Крылова В. С.
Zusammenfassung:Методические рекомендации составлены на материале действующих нормативно-технических документов и определяют основные правила оформления непубликуемых учебных (курсовых) работ и работ, выполненных на уровне научной публикации (дипломных). В рекомендациях особое внимание уделяется оформлению библиографической части курсовых и дипломных работ, в связи с введением ГОСТ 7.1-2003. Библиографическая запись. Библиографическое описание: Общие требования и ГОСТ 7.80-2000. Библиографическая запись. Заголовок: Общие требования и правила составления. В рекомендации внесены изменения, касающиеся оформления текстовой части согласно СТО ТГУ 003-2006. Положение о порядке организации оформления дипломных работ в Томском государственном университете. Методические рекомендации предназначены для студентов и руководителей учебных, научных работ Томского государственного университета. СОГЛАСОВАНЫ с отделом стандартизации, метрологии и контроля качества НИОКР Научного управления ТГУ.
Sprache:Russisch
Veröffentlicht: Томск, Изд-во ТГУ, 2007
Schlagworte:
Format: Buch
KOHA link:https://koha.lib.tpu.ru/cgi-bin/koha/opac-detail.pl?biblionumber=133097

MARC

LEADER 00000nam0a2200000 4500
001 133097
005 20231031135218.0
035 |a (RuTPU)RU\TPU\book\144170 
090 |a 133097 
100 |a 20080312d2007 m y0rusy50 ca 
101 0 |a rus 
102 |a RU 
105 |a y j 001zy 
200 1 |a Оформление курсовых и дипломных работ  |e методические рекомендации  |f Томский государственный университет (ТГУ) ; Научная библиотека Томского государственного университета ; сост. С. М. Григорьевская , Е. Ю. Кичигина, В. С. Крылова 
210 |a Томск  |c Изд-во ТГУ  |d 2007 
215 |a 39 с. 
318 |5 63413507  |a Пишем реферат, курсовую, диплом, выпускную квалификационную работу  |b выставка 
320 |a Библиогр.: с. 31 
330 |a Методические рекомендации составлены на материале действующих нормативно-технических документов и определяют основные правила оформления непубликуемых учебных (курсовых) работ и работ, выполненных на уровне научной публикации (дипломных). В рекомендациях особое внимание уделяется оформлению библиографической части курсовых и дипломных работ, в связи с введением ГОСТ 7.1-2003. Библиографическая запись. Библиографическое описание: Общие требования и ГОСТ 7.80-2000. Библиографическая запись. Заголовок: Общие требования и правила составления. В рекомендации внесены изменения, касающиеся оформления текстовой части согласно СТО ТГУ 003-2006. Положение о порядке организации оформления дипломных работ в Томском государственном университете. Методические рекомендации предназначены для студентов и руководителей учебных, научных работ Томского государственного университета. СОГЛАСОВАНЫ с отделом стандартизации, метрологии и контроля качества НИОКР Научного управления ТГУ. 
610 1 |a образование 
610 1 |a вузы 
610 1 |a высшее образование 
610 1 |a курсовые работы 
610 1 |a курсовые проекты 
610 1 |a дипломные работы 
610 1 |a дипломные проекты 
610 1 |a оформление 
610 1 |a требования 
610 1 |a примеры 
610 1 |a методические пособия 
686 |a Ч481.254я73  |v LBC/SL-A  |2 rubbk 
702 1 |a Григорьевская  |b С. М.  |4 220 
702 1 |a Кичигина  |b Е. Ю.  |4 220 
702 1 |a Крылова  |b В. С.  |4 220 
712 0 2 |a Томский государственный университет (ТГУ)  |b Научная библиотека  |2 stltpush  |3 (RuTPU)RU\TPU\col\3244 
801 1 |a RU  |b 63413507  |c 20080312  |g PSBO 
801 2 |a RU  |b 63413507  |c 20120710  |g PSBO 
942 |c BK